| 000 | 00000nam 2200000za 4500 |
| 001 | 9.660871 |
| 003 | CaOODSP |
| 005 | 20230501142534 |
| 007 | ta |
| 008 | 150407|1999||||xxc||||| f|0| 0 eng d |
| 020 | |a0-662-64133-7 |
| 040 | |aCaOODSP|beng |
| 041 | |aeng |
| 041 | |afre |
| 043 | |an-cn--- |
| 086 | 1 |aC2-420/1999 |
| 110 | 1 |aCanada. |bIndustry Canada. |
| 245 | 10|aCanadian railway suppliers directory |
| 260 | |aOttawa - Ontario : |bIndustry Canada |c1999. |
| 300 | |aEnglish text, 80p. ; |c28 cm. |
| 546 | |aBilingual |
| 563 | |aSpiral binding |
| 590 | |a99-25|b1999-06-25 |
| 690 | 07|aRail transport|2gcpds |
| 690 | 07|aSupplies|2gcpds |
| 776 | 0#|tCanadian railway suppliers directory.|w(CaOODSP)9.922116 |
| 792 | |tRépertoire des fournisseurs canadiens de matériel ferroviaire |efre|w(CaOODSP)9.660872 |